000 00699nam a2200229Ia 4500
003 OSt
005 20220926013536.0
006 a|||||r|||| 00| 0
007 ta
008 220923b |||||||| |||| 00| 0 eng d
037 _cGeneral Book
040 _aRTL
_cRTL
_beng
041 _2eng
_aeng
082 _aX:8:(D6,9(B), L3
100 _aMalcom Robert E. et al
_9318528
245 0 _aComputers in administration
_b A Fortran IV introdu
260 _aNew York
_bIntext educational U. S. A.
_c1973
300 _aix, 374p. Appendix p.351-66
_ccm.
650 _aManagement
_930681
942 _hX:8:(D6,9(B), L3
_cGB
_2CC
999 _c626198
_d626198